000 01040nam a22002657a 4500
005 20170124102950.0
010 _aB-050890
020 _c180.00
_a8185045992
035 _aB-050890
037 _bCen Lib/Ret
040 _aDPL
_bHN
082 _a821
_bमिश्ररा
100 _aमिश्र,राजेंद्र
_951326
245 _aसमय का संजाल /
_cराजेंद्र मिश्र
246 _aSamay ka sanjaal
_bby Rajendra Mishar
260 _a दिल्ली
_bदिशा प्रकाशन
_c2001
270 _a138/16, त्रि नगर
_b दिल्ली
_e110035
300 _a192पृष्ठ.
_c20सेमी (सजिल्द)
650 _aहिंदी साहित्य
_951327
650 _aहिंदी काव्य -संवेदना
_951328
650 _aHindi literature
_951329
650 _aHindi poetry -snvedna
_951330
700 _950544
942 _2ddc
_cHN
_h821
_mमिश्ररा
999 _c113251
_d113251